Normal view MARC view

Entry Personal Name

Number of records used in: 1

001 - CONTROL NUMBER

  • control field: 3578

003 - CONTROL NUMBER IDENTIFIER

  • control field: OSt

005 - DATE AND TIME OF LATEST TRANSACTION

  • control field: 20110506094758.0

008 - FIXED-LENGTH DATA ELEMENTS

  • fixed length control field: 110506|||a|||||| | ||| d

040 ## - CATALOGING SOURCE

  • Original cataloging agency: OSt
  • Transcribing agency: OSt

100 ## - HEADING--PERSONAL NAME

  • Personal name: Sutton, Ralph,
  • Dates associated with a name: 1881-1960.

670 ## - SOURCE DATA FOUND

  • Source citation: Work cat.: (OSt)0: The Law reports Kings Bench 1916 Vol.1 / King's Bench Division, and on appeal therefrom in the Court of Appeal and decisions in the Court of Criminal Appeal., [1951?-1953?]